| 000 | 00965nam a22003015a 4500 | ||
|---|---|---|---|
| 005 | 20240818092802.0 | ||
| 008 | 180114t2004 maua frb 001 0 eng d | ||
| 010 | _a 2002117256 | ||
| 020 | _a0618335676 | ||
| 020 | _a9780618335671 | ||
| 040 |
_aEG-ScBUE _beng _cEG-ScBUE _dEG-ScBUE |
||
| 082 | 0 | 4 |
_a512.5 _bLAR _222 |
| 100 | 1 | _aLarson, Ron. | |
| 245 | 1 | 0 |
_aElementary linear algebra / _cRon Larson, Bruce H. Edwards, David C. Falvo. |
| 250 | _a5th ed. | ||
| 260 |
_aBoston : _bHoughton Mifflin Company, _cc.2004. |
||
| 300 |
_a1 v. (various pagings) : _bill. ; _c24 cm. |
||
| 504 | _aIncludes bibliographical references and index. | ||
| 650 | 7 |
_aAlgebras, Linear. _2BUEsh |
|
| 651 | _2BUEsh | ||
| 653 |
_bENGGEN _cJanuary2018 |
||
| 700 | 1 | _aEdwards, Bruce H. | |
| 700 | 1 |
_aFalvo, David C. _93440 |
|
| 942 |
_2ddc _hRDA-MOD |
||
| 999 |
_c5093 _d5093 |
||
| 336 |
_2rdacontent _atext _btxt |
||
| 337 |
_aunmediated _2rdamedia _bn |
||
| 338 |
_avolume _bnc _2rdacarrier |
||